| 000 | nam a22 7a 4500 | ||
|---|---|---|---|
| 999 |
_c26443 _d26443 |
||
| 008 | 170204b xxu||||| |||| 00| 0 eng d | ||
| 020 | _a9780324377132 | ||
| 050 | _aKF 888 .M553 2007 | ||
| 100 |
_aMiller, Roger LeRoy. _d2007. |
||
| 245 |
_aBusiness law today: _bText and cases E-commerce, legal, ethical and international environment/ _cRoger LeRoy Miller, Gaylord A. Jentz. |
||
| 250 | _a7th ed. | ||
| 260 |
_aUSA: _bThomson west, _c2007. |
||
| 300 |
_axxx, 1196, [243]p.: _bill.; _c26cm. |
||
| 521 | _aIncludes bibliographical references and index. | ||
| 650 | _aLaw. | ||
| 700 | _aJentz, Gaylord A. | ||
| 942 |
_2lcc _cBOOKS _hKF 888 .M553 2007 |
||